Inovačné prístupy vo vnútropodnikovom riadení-stavebných podnikov
Moderné metódy riadenia v trhovom hospodárstve. Controling ako inovačný prvok v riadiacej činnosti. Porovnanie úloh controllera a manažéra. Organizácia controlingu v stavebnom podniku. Metóda ABC v riadiacej činnosti podniku. Hodnotové riadenie a jeho uplatnenie riadení podnikov.
Saved in:
| Main Author: | |
|---|---|
| Format: | Book Chapter |
| Language: | Slovak |
| Subjects: | |
| Tags: |
No Tags, Be the first to tag this record!
|
MARC
| LEADER | 00000naa$a2200000$$$4500 | ||
|---|---|---|---|
| 001 | 0113784 | ||
| 005 | 20220330074915.4 | ||
| 041 | 0 | |a slo | |
| 044 | |a SK | ||
| 245 | 1 | 0 | |a Inovačné prístupy vo vnútropodnikovom riadení-stavebných podnikov |c Zuzana Chodasová |
| 520 | |a Moderné metódy riadenia v trhovom hospodárstve. Controling ako inovačný prvok v riadiacej činnosti. Porovnanie úloh controllera a manažéra. Organizácia controlingu v stavebnom podniku. Metóda ABC v riadiacej činnosti podniku. Hodnotové riadenie a jeho uplatnenie riadení podnikov. | ||
| 610 | 2 | 0 | |a kontroling |
| 610 | 2 | 0 | |a podnik stavebný |
| 610 | 2 | 0 | |a riadenie podnikové |
| 610 | 2 | 0 | |a metóda ABC |
| 610 | 2 | 0 | |a manažment hodnotový |
| 610 | 2 | 0 | |a manažéri |
| 100 | 1 | |a Chodasová, Zuzana | |